000 00689nam a2200265Ia 4500
003 OSt
005 20221006142511.0
006 a|||||r|||| 00| 0
007 ta
008 221006b |||||||| |||| 00| 0 eng d
020 _c
_2.80
024 _a6,483
037 _cTextual
040 _aEASL
_cEASL
_beng
041 _2eng
_aeng
082 _aY.41.N6, K9
100 _aBATES M. Searle Ed.
_9647841
245 0 _aChina in Change
_bAn approach to understanding
260 _aNew York
_bFriendship Press
_c1969
300 _a192p.
_ccm.
490 _v CEL
650 _aCEL
942 _hY.41.N6, K9
_cTEXL
_2CC
999 _c1074569
_d1074569